[Event "EU-ch Online U2300 Qual"]
[Site "Chess.com INT"]
[Date "2020.05.25"]
[Round "2"]
[White "Queirolo Perez, Manuel"]
[Black "Linnanen, Lassi"]
[Result "1-0"]
[WhiteElo "2145"]
[BlackElo "2185"]
[PlyCount "47"]
[EventDate "2020.05.25"]
[EventType "swiss"]
[EventRounds "8"]
[EventCountry "NET"]
[SourceTitle "EXT 2021"]
[Source "ChessBase"]
[SourceDate "2020.10.23"]
[SourceVersion "1"]
[SourceVersionDate "2020.10.23"]
[SourceQuality "1"]

1. e4 e6 2. d4 a6 3. Nf3 b5 4. Bd3 Bb7 5. 0-0 Nf6 6. Qe2 c5 7. c3 Nc6 8. Bg5 cxd4 9. cxd4 Nb4 10. e5 h6 11. Bh4 g5 12. Bg3 Nxd3 13. Qxd3 Nh5 14. Nc3 Nf4 15. Bxf4 gxf4 16. Ne4 Be7 17. Rfe1 Qb6 18. Rac1 Rd8 19. Qd2 Bd5 20. Qxf4 Bxa2 21. Nd6+ Bxd6 22. exd6 Bd5 23. Qf6 Rf8 24. Qe7# 1-0

[Event "FIN-chT 1819"]
[Site "Finland"]
[Date "2019.04.06"]
[Round "10.6"]
[White "Linnanen, Lassi"]
[Black "Nivala, Tuomas"]
[Result "0-1"]
[WhiteElo "2153"]
[BlackElo "2183"]
[PlyCount "110"]
[EventDate "2018.09.15"]
[EventType "team-tourn"]
[EventRounds "11"]
[EventCountry "FIN"]
[SourceTitle "CBM 189 Extra"]
[Source "ChessBase"]
[SourceDate "2019.06.03"]
[SourceVersion "1"]
[SourceVersionDate "2019.06.03"]
[SourceQuality "1"]
[WhiteTeam "Helsinki Aatos"]
[BlackTeam "Jyvaskyla JyS"]
[WhiteTeamCountry "FIN"]
[BlackTeamCountry "FIN"]

1. e4 g6 2. d4 Bg7 3. Nc3 c6 4. Nf3 d5 5. h3 dxe4 6. Nxe4 Nf6 7. Nxf6+ exf6 8. Bc4 Qe7+ 9. Qe2 Qxe2+ 10. Bxe2 Bf5 11. c3 0-0 12. 0-0 Re8 13. Re1 a5 14. Bf4 Be6 15. c4 Na6 16. a3 Red8 17. Red1 Bf8 18. Rac1 Bd6 19. Be3 Nc7 20. Nd2 f5 21. Bg5 Rd7 22. Nf3 Kg7 23. Ne5 Bxe5 24. dxe5 Rxd1+ 25. Rxd1 Ne8 26. Rd8 Rxd8 27. Bxd8 a4 28. f4 f6 29. Kf2 fxe5 30. fxe5 Kf7 31. Ke3 Ng7 32. Bf6 Nh5 33. Bh4 Ke8 34. g4 fxg4 35. hxg4 Ng7 36. Bf6 Kf7 37. Kd4 h5 38. Bxg7 Kxg7 39. gxh5 g5 40. Kc5 g4 41. Kd6 g3 42. Bf1 Bxc4 43. Bh3 Be2 44. h6+ Kxh6 45. e6 Kg5 46. e7 Bh5 47. Kd7 Kf4 48. e8Q Bxe8+ 49. Kxe8 Ke3 50. Kd7 Kd2 51. Kc7 Kc2 52. Kxb7 Kxb2 53. Kxc6 Kxa3 54. Kb5 Kb3 55. Be6+ Kb2 0-1

[Event "FIN-chT 1819"]
[Site "Finland"]
[Date "2019.02.10"]
[Round "8.7"]
[White "Linnanen, Lassi"]
[Black "Paasikangas Tella, Johanna"]
[Result "1-0"]
[WhiteElo "2153"]
[BlackElo "2220"]
[PlyCount "105"]
[EventDate "2018.09.15"]
[EventType "team-tourn"]
[EventRounds "11"]
[EventCountry "FIN"]
[SourceTitle "EXT 2021"]
[Source "ChessBase"]
[SourceDate "2020.10.23"]
[SourceVersion "1"]
[SourceVersionDate "2020.10.23"]
[SourceQuality "1"]
[WhiteTeam "Helsinki Aatos"]
[BlackTeam "Vantaa EtVaS"]
[WhiteTeamCountry "FIN"]
[BlackTeamCountry "FIN"]

1. e4 d5 2. exd5 Qxd5 3. Nc3 Qa5 4. d4 c6 5. Bc4 Nf6 6. Nge2 Bg4 7. 0-0 e6 8. f3 Bf5 9. Ng3 Bg6 10. f4 Bb4 11. f5 exf5 12. Qe2+ Kf8 13. Qf3 Nbd7 14. Bf4 Kg8 15. a3 Bf8 16. Kh1 h6 17. b4 Qd8 18. Be5 Ng4 19. Bf4 Nb6 20. Bb3 Qxd4 21. Rad1 Qf6 22. h3 h5 23. Kg1 h4 24. Nxf5 Bxf5 25. hxg4 Be6 26. Ne4 Qg6 27. Bxe6 Qxe6 28. Ng5 Qg6 29. Bc1 Nd5 30. Nxf7 Qe6 31. c4 Ne7 32. Nxh8 Kxh8 33. g5 Kg8 34. c5 Ng6 35. Rfe1 Qf7 36. Qxf7+ Kxf7 37. Rd7+ Be7 38. Rxb7 a5 39. Bf4 Kf8 40. Bd6 Bxd6 41. cxd6 axb4 42. axb4 Rd8 43. d7 Ne7 44. Kh2 g6 45. Re6 Kf7 46. Rf6+ Kg7 47. Kh3 Kg8 48. Kxh4 Kg7 49. Kg4 Kg8 50. Kf3 Kg7 51. Ke4 Kg8 52. Ke5 Kg7 53. g4 1-0

[Event "FIN-chT 1718"]
[Site "Finland"]
[Date "2018.02.03"]
[Round "7.7"]
[White "Linnanen, Lassi"]
[Black "Linden, Lari"]
[Result "1/2-1/2"]
[WhiteElo "2158"]
[BlackElo "2127"]
[PlyCount "78"]
[EventDate "2017.09.16"]
[EventType "team-tourn"]
[EventRounds "11"]
[EventCountry "FIN"]
[SourceTitle "EXT 2019"]
[Source "ChessBase"]
[SourceDate "2018.10.10"]
[SourceVersion "1"]
[SourceVersionDate "2018.10.10"]
[SourceQuality "1"]
[WhiteTeam "Helsinki Aatos"]
[BlackTeam "Turku TuTS"]
[WhiteTeamCountry "FIN"]
[BlackTeamCountry "FIN"]

1. e4 c5 2. Nf3 e6 3. d4 cxd4 4. Nxd4 Nc6 5. Be2 Qc7 6. 0-0 a6 7. Be3 Nf6 8. Nc3 Bb4 9. Na4 Be7 10. f3 b5 11. Nxc6 Qxc6 12. Nc3 Bc5 13. Bxc5 Qxc5+ 14. Kh1 Bb7 15. Bd3 0-0 16. Qe1 d6 17. Qf2 Rac8 18. Ne2 Rfd8 19. Nd4 e5 20. Nb3 Qxf2 21. Rxf2 d5 22. exd5 Nxd5 23. Be4 Ba8 24. Bxd5 Rxd5 25. Kg1 f6 26. c3 g5 27. Rd2 Kf7 28. Rad1 Ke6 29. Kf2 h5 30. Rxd5 Bxd5 31. Nd2 f5 32. Nf1 f4 33. Nd2 a5 34. Rc1 Rd8 35. b3 Bc6 36. Rc2 a4 37. c4 axb3 38. axb3 bxc4 39. bxc4 Rd3 1/2-1/2

[Event "FIN-chT 1718"]
[Site "Finland"]
[Date "2017.12.03"]
[Round "6.7"]
[White "Simola, Tuomas"]
[Black "Linnanen, Lassi"]
[Result "1/2-1/2"]
[WhiteElo "2092"]
[BlackElo "2158"]
[PlyCount "81"]
[EventDate "2017.09.16"]
[EventType "team-tourn"]
[EventRounds "11"]
[EventCountry "FIN"]
[SourceTitle "EXT 2019"]
[Source "ChessBase"]
[SourceDate "2018.10.10"]
[SourceVersion "1"]
[SourceVersionDate "2018.10.10"]
[SourceQuality "1"]
[WhiteTeam "Salo SalSK"]
[BlackTeam "Helsinki Aatos"]
[WhiteTeamCountry "FIN"]
[BlackTeamCountry "FIN"]

1. d4 Nf6 2. Bf4 d6 3. Nc3 c6 4. e4 Qa5 5. Qd2 e5 6. Bg3 Be7 7. Nf3 Nbd7 8. Bc4 Nh5 9. 0-0 Nxg3 10. hxg3 Qd8 11. a4 0-0 12. Rfe1 Bf6 13. Rad1 a6 14. Bb3 b5 15. dxe5 dxe5 16. Qd6 Qb6 17. a5 Qc5 18. Qd2 b4 19. Na2 Rb8 20. Qd6 Rb5 21. Ba4 Rxa5 22. b3 Nb6 23. Qxc5 Rxc5 24. Nxb4 Nxa4 25. bxa4 a5 26. Nd3 Rxc2 27. Ndxe5 c5 28. Nd7 Bxd7 29. Rxd7 Bc3 30. Red1 Ra2 31. Rc7 Bb4 32. Rdd7 h6 33. Ne5 Bc3 34. Rxc5 Bxe5 35. Rxe5 Rxa4 36. Ra7 Ra1+ 37. Kh2 Ra2 38. Rexa5 Rxf2 39. Rf5 Rxf5 40. exf5 Rb8 41. g4 1/2-1/2

[Event "Paleochora op 9th"]
[Site "Paleochora"]
[Date "2016.07.25"]
[Round "7"]
[White "Andreev, Eduard"]
[Black "Linnanen, Lassi"]
[Result "1-0"]
[WhiteElo "2441"]
[BlackElo "2149"]
[PlyCount "82"]
[EventDate "2016.07.20"]
[EventType "swiss"]
[EventRounds "9"]
[EventCountry "GRE"]
[SourceTitle "EXT 2017"]
[Source "ChessBase"]
[SourceDate "2016.10.25"]
[SourceVersion "1"]
[SourceVersionDate "2016.10.25"]
[SourceQuality "1"]

1. e4 e5 2. Nf3 Nc6 3. Bc4 Bc5 4. c3 Nf6 5. d3 0-0 6. 0-0 d6 7. a4 a6 8. Nbd2 Ba7 9. Re1 Ne7 10. Nf1 Ng6 11. Ng3 c6 12. Bb3 Be6 13. d4 Re8 14. h3 Qb6 15. Bxe6 fxe6 16. Be3 Qc7 17. dxe5 dxe5 18. Bxa7 Rxa7 19. Qb3 h6 20. Rad1 Kh7 21. Rd2 b5 22. Red1 Raa8 23. Qa3 c5 24. a5 Nf4 25. Kh2 Rec8 26. c4 Ng6 27. Rd6 Qe7 28. Rb6 Rcb8 29. Rdd6 Rxb6 30. Rxb6 b4 31. Qa4 Ra7 32. Qc6 Nd7 33. Rxa6 Nb8 34. Rxa7 Nxc6 35. Rxe7 Ngxe7 36. a6 Nc8 37. Ne2 Nb6 38. b3 Nb8 39. Nxe5 Nxa6 40. Nf4 Nc7 41. Nfd3 Na6 1-0

[Event "FIN-chT 1516"]
[Site "Finland"]
[Date "2015.09.12"]
[Round "1.5"]
[White "Nippula, Timo"]
[Black "Linnanen, Lassi"]
[Result "1-0"]
[WhiteElo "2195"]
[BlackElo "2168"]
[PlyCount "107"]
[EventDate "2015.09.12"]
[EventType "team-tourn"]
[EventRounds "11"]
[EventCountry "FIN"]
[SourceTitle "EXT 2016"]
[Source "ChessBase"]
[SourceDate "2015.10.08"]
[SourceVersion "1"]
[SourceVersionDate "2015.10.08"]
[SourceQuality "1"]
[WhiteTeam "Kotka KymS"]
[BlackTeam "Helsinki Aatos"]
[WhiteTeamCountry "FIN"]
[BlackTeamCountry "FIN"]

1. c4 d6 2. Nc3 Nf6 3. Nf3 g6 4. d4 Bg7 5. e4 0-0 6. Be2 e5 7. d5 Na6 8. Nd2 c6 9. h4 h5 10. Nf3 Nc5 11. Ng5 a5 12. Be3 Ng4 13. Bxg4 hxg4 14. h5 gxh5 15. Rxh5 f6 16. Nh7 Rf7 17. dxc6 Be6 18. Qe2 bxc6 19. 0-0-0 Qe7 20. f3 Bf8 21. Nxf8 Raxf8 22. Rdh1 Rg7 23. Bh6 Rff7 24. Bxg7 Rxg7 25. Qd2 Kf8 26. Rh8+ Bg8 27. Qh6 Ne6 28. fxg4 Ng5 29. Rf1 Kf7 30. Qh5+ Ke6 31. Rh6 Kd7 32. Rfxf6 Bxc4 33. Rhg6 Rxg6 34. Qxg6 Nh7 35. Rf2 Kc7 36. Rd2 Nf8 37. Qh6 Ne6 38. b3 Ba6 39. Nd1 Nd4 40. Ne3 Bc8 41. Kb2 a4 42. Nc2 Ne6 43. Qe3 c5 44. Qc3 axb3 45. Ne3 Bb7 46. Nf5 Qf8 47. Qa5+ Kc6 48. Rxd6+ Qxd6 49. Nxd6 Kxd6 50. Qb6+ Bc6 51. axb3 Kd7 52. Qa7+ Kd6 53. Qb8+ Nc7 54. Qf8+ 1-0

[Event "FIN-chT 1314"]
[Site "Finland"]
[Date "2014.02.09"]
[Round "8.6"]
[White "Johansson, Jukka"]
[Black "Linnanen, Lassi"]
[Result "0-1"]
[WhiteElo "2142"]
[BlackElo "2159"]
[PlyCount "54"]
[EventDate "2013.09.21"]
[EventType "team-tourn"]
[EventRounds "11"]
[EventCountry "FIN"]
[SourceTitle "EXT 2015"]
[Source "ChessBase"]
[SourceDate "2014.11.20"]
[SourceVersion "1"]
[SourceVersionDate "2014.11.20"]
[SourceQuality "1"]
[WhiteTeam "Helsinki Garde"]
[BlackTeam "Helsinki Aatos"]
[WhiteTeamCountry "FIN"]
[BlackTeamCountry "FIN"]

1. d4 Nf6 2. c4 e5 3. dxe5 Ne4 4. a3 d6 5. Nf3 Nc6 6. Qc2 Nc5 7. b4 Ne6 8. exd6 Bxd6 9. Bb2 a5 10. c5 Be7 11. b5 Ncd4 12. Nxd4 Nxd4 13. Qe4 Ne6 14. c6 Nc5 15. Qe3 0-0 16. Nc3 bxc6 17. Rd1 Bd6 18. bxc6 Rb8 19. Qd2 Qe8 20. e3 Qxc6 21. Bc4 Qxg2 22. Rf1 Qxh2 23. Nd5 Bh3 24. Ba1 Bxf1 25. Kxf1 Ne4 26. Qc2 Ng3+ 27. Ke1 Qg1+ 0-1

[Event "FIN-chT 1213"]
[Site "Finland"]
[Date "2012.09.29"]
[Round "1.6"]
[White "Linnanen, Lassi"]
[Black "Salo, Heikki"]
[Result "0-1"]
[WhiteElo "2146"]
[BlackElo "2267"]
[PlyCount "86"]
[EventDate "2012.09.28"]
[EventType "team-tourn"]
[EventRounds "11"]
[EventCountry "FIN"]
[SourceTitle "CBM 150 Extra"]
[Source "ChessBase"]
[SourceDate "2012.10.19"]
[SourceVersion "1"]
[SourceVersionDate "2012.10.19"]
[SourceQuality "1"]
[WhiteTeam "Helsinki Aatos"]
[BlackTeam "Vantaa"]
[WhiteTeamCountry "FIN"]
[BlackTeamCountry "FIN"]

1. e4 e5 2. Nf3 Nc6 3. Nc3 Nf6 4. d4 exd4 5. Nxd4 Bb4 6. Nxc6 bxc6 7. Bd3 d5 8. exd5 cxd5 9. 0-0 0-0 10. Bg5 c6 11. Qf3 Bd6 12. Rfe1 Rb8 13. Bxf6 Qxf6 14. Qxf6 gxf6 15. Rab1 Be6 16. Ne2 c5 17. Red1 Rb4 18. b3 Rfb8 19. c3 R4b6 20. Bc2 Ra6 21. a4 Rab6 22. h3 Re8 23. Kf1 a5 24. Rd2 Rc8 25. Rdd1 Bc7 26. Ng3 Be5 27. Nf5 Rd8 28. c4 d4 29. g3 Rdb8 30. f4 Bc7 31. Ne7+ Kf8 32. Nd5 Bxd5 33. cxd5 Ke7 34. Re1+ Kd6 35. Rbd1 Rxb3 36. Bxb3 Rxb3 37. Rb1 Rxg3 38. Rb7 Rxh3 39. Re8 d3 40. Ke1 c4 41. Rc8 c3 42. Rcxc7 d2+ 43. Ke2 Rh1 0-1

[Event "FIN-chT 0910"]
[Site "Finland"]
[Date "2009.11.15"]
[Round "5.5"]
[White "Maki Uuro, Miika"]
[Black "Linnanen, Lassi"]
[Result "1-0"]
[WhiteElo "2342"]
[BlackElo "2184"]
[PlyCount "79"]
[EventDate "2009.09.19"]
[EventType "team-tourn"]
[EventRounds "9"]
[EventCountry "FIN"]
[SourceTitle "EXT 2022"]
[Source "ChessBase"]
[SourceDate "2021.10.06"]
[SourceVersion "1"]
[SourceVersionDate "2021.10.06"]
[SourceQuality "1"]
[WhiteTeam "Espoo MatSK"]
[BlackTeam "Helsinki Aatos"]
[WhiteTeamCountry "FIN"]
[BlackTeamCountry "FIN"]

1. e4 c6 2. d4 g6 3. c4 Bg7 4. Nc3 d6 5. Be3 Nd7 6. Qd2 a6 7. Rd1 b5 8. a3 bxc4 9. Bxc4 Nb6 10. Bd3 d5 11. Nf3 Nf6 12. e5 Ng4 13. Bf4 h5 14. 0-0 Nh6 15. Bxh6 Bxh6 16. Qe2 e6 17. Nd2 a5 18. Nb3 a4 19. Nc5 Bf8 20. Qc2 Bxc5 21. dxc5 Nd7 22. f4 Qa5 23. Bxg6 Qxc5+ 24. Kh1 fxg6 25. Qxg6+ Kd8 26. Qxe6 Re8 27. Qg6 h4 28. e6 h3 29. exd7 hxg2+ 30. Qxg2 Bxd7 31. Qg5+ Qe7 32. Rd4 Kc7 33. Rxd5 Qf7 34. Re5 Rg8 35. Qe7 Qg6 36. Nd5+ cxd5 37. Rc1+ Qc6 38. Rxc6+ Kxc6 39. Re1 Ra7 40. Rc1+ 1-0

[Event "FIN-chT 0809"]
[Site "Finland"]
[Date "2008.09.07"]
[Round "2.6"]
[White "Mertanen, Janne"]
[Black "Linnanen, Lassi"]
[Result "1/2-1/2"]
[WhiteElo "2310"]
[BlackElo "2175"]
[PlyCount "118"]
[EventDate "2008.09.06"]
[EventType "team-tourn"]
[EventRounds "9"]
[EventCountry "FIN"]
[SourceTitle "EXT 2022"]
[Source "ChessBase"]
[SourceDate "2021.10.06"]
[SourceVersion "1"]
[SourceVersionDate "2021.10.06"]
[SourceQuality "1"]
[WhiteTeam "Tampere Tammer"]
[BlackTeam "Helsinki Aatos"]
[WhiteTeamCountry "FIN"]
[BlackTeamCountry "FIN"]

1. d4 Nf6 2. Bg5 e6 3. e4 Be7 4. Nd2 d5 5. e5 Nfd7 6. Be3 c5 7. c3 Nc6 8. a3 Qb6 9. b4 cxd4 10. cxd4 f6 11. Bd3 fxe5 12. Qh5+ Kf8 13. dxe5 Qd8 14. f4 Qe8 15. Qe2 g6 16. Ngf3 Kg7 17. 0-0 Bd8 18. Nb3 Bb6 19. Rac1 Rf8 20. Nfd4 Nxd4 21. Nxd4 Nb8 22. Nb5 Qd8 23. Kh1 Nc6 24. Nd6 Rb8 25. Bc5 Bxc5 26. Rxc5 Bd7 27. Qe3 Kg8 28. Qg3 Qe7 29. Rfc1 Rfd8 30. h3 a6 31. Kh2 Be8 32. Nxe8 Qxe8 33. Bxa6 Nxb4 34. Bb5 Nc6 35. a4 Qe7 36. Qg4 Rbc8 37. h4 Na7 38. Rxc8 Rxc8 39. Rxc8+ Nxc8 40. h5 Qf7 41. Bd3 Ne7 42. Qg5 Kf8 43. h6 Nc6 44. g4 Qe7 45. Qxe7+ Nxe7 46. Kg3 Kf7 47. Kf3 Ng8 48. g5 Ne7 49. Ke3 b6 50. Kd4 Nc6+ 51. Kc3 Na7 52. Kb4 Kf8 53. Ba6 Ke7 54. Bb7 Kd7 55. Ba6 Kc7 56. Bd3 Nc6+ 57. Kc3 Ne7 58. Kb4 Nc6+ 59. Kc3 Ne7 1/2-1/2

[Event "FIN-chT 0708"]
[Site "Finland"]
[Date "2007.11.18"]
[Round "5.5"]
[White "Sorsa, Nuutti"]
[Black "Linnanen, Lassi"]
[Result "1-0"]
[WhiteElo "2226"]
[BlackElo "2190"]
[PlyCount "75"]
[EventDate "2007.09.15"]
[EventType "team-tourn"]
[EventRounds "9"]
[EventCountry "FIN"]
[SourceTitle "EXT 2022"]
[Source "ChessBase"]
[SourceDate "2021.10.06"]
[SourceVersion "1"]
[SourceVersionDate "2021.10.06"]
[SourceQuality "1"]
[WhiteTeam "Turku TS"]
[BlackTeam "Helsinki Aatos"]
[WhiteTeamCountry "FIN"]
[BlackTeamCountry "FIN"]

1. e4 e6 2. d4 a6 3. c4 b5 4. cxb5 axb5 5. Bxb5 Bb7 6. Nc3 Bb4 7. f3 Qh4+ 8. Kf1 Ne7 9. Be3 f5 10. e5 f4 11. Bf2 Qh5 12. a3 Bxc3 13. bxc3 0-0 14. Qd2 g5 15. Be2 Nf5 16. h4 Nc6 17. Rh3 Nce7 18. hxg5 Qxg5 19. g4 Ne3+ 20. Ke1 N7d5 21. Rh5 Qe7 22. Bd3 Rf7 23. Bh4 Qf8 24. a4 c5 25. Nh3 cxd4 26. cxd4 Qb4 27. Ng5 Ng2+ 28. Ke2 Nc3+ 29. Kf1 Ne3+ 30. Kg1 Rxa4 31. Rxa4 Qxa4 32. Qxc3 Qd1+ 33. Be1 Rg7 34. Qd2 Qa1 35. Bxh7+ Kf8 36. Qb4+ Ke8 37. Bg6+ Kd8 38. Rh8+ 1-0

[Event "FIN-chT 0708"]
[Site "Finland"]
[Date "2007.10.20"]
[Round "3.4"]
[White "Hentunen, Asko"]
[Black "Linnanen, Lassi"]
[Result "1/2-1/2"]
[WhiteElo "2352"]
[BlackElo "2190"]
[PlyCount "55"]
[EventDate "2007.09.15"]
[EventType "team-tourn"]
[EventRounds "9"]
[EventCountry "FIN"]
[SourceTitle "EXT 2022"]
[Source "ChessBase"]
[SourceDate "2021.10.06"]
[SourceVersion "1"]
[SourceVersionDate "2021.10.06"]
[SourceQuality "1"]
[WhiteTeam "Espoo MatSK"]
[BlackTeam "Helsinki Aatos"]
[WhiteTeamCountry "FIN"]
[BlackTeamCountry "FIN"]

1. c4 e5 2. g3 g6 3. Bg2 Bg7 4. Nc3 Ne7 5. Rb1 0-0 6. b4 d6 7. d3 Nbc6 8. Nf3 f5 9. Qb3 h6 10. 0-0 Kh7 11. b5 Nb8 12. Rd1 Nd7 13. d4 e4 14. Ne1 Nf6 15. Nc2 c6 16. Ba3 Re8 17. Ne3 Be6 18. bxc6 bxc6 19. d5 cxd5 20. cxd5 Bg8 21. f3 exf3 22. Bxf3 Nc6 23. Nc4 Rb8 24. Qc2 Rxb1 25. Nxb1 Ne5 26. Nxd6 Nxf3+ 27. exf3 Re5 28. Nc3 1/2-1/2